Сборник заданий текущего контроля по дисциплине "Товарная номенклатура внешнеэкономической деятельности": практикум
| Autor Principal: | |
|---|---|
| Autor Corporativo: | |
| Summary: | Заглавие с титульного экрана Электронная версия печатной публикации Практикум состоит из тестовых заданий и задач, распределенных по тринадцати темам, предусмотренных программой курса. Способствует определению уровня теоретических знаний студентов по дисциплине, а также их практическому применению студентами, формированию навыка решения ситуационных задач по классификации товаров в соответствии с ТН ВЭД ТС. Предназначен для студентов ИСГТ, обучающихся по направлению 036401 "Таможенное дело". Режим доступа: из корпоративной сети ТПУ |
| Idioma: | ruso |
| Publicado: |
Томск, Изд-во ТПУ, 2014
|
| Subjects: | |
| Acceso en liña: | http://www.lib.tpu.ru/fulltext2/m/2015/m156.pdf |
| Formato: | MixedMaterials Electrónico Libro |
| KOHA link: | https://koha.lib.tpu.ru/cgi-bin/koha/opac-detail.pl?biblionumber=296529 |
MARC
| LEADER | 00000nlm0a2200000 4500 | ||
|---|---|---|---|
| 001 | 296529 | ||
| 005 | 20231215091218.0 | ||
| 035 | |a (RuTPU)RU\TPU\book\321637 | ||
| 035 | |a RU\TPU\book\321618 | ||
| 090 | |a 296529 | ||
| 100 | |a 20150601d2014 m y0rusy50 ca | ||
| 101 | 0 | |a rus | |
| 102 | |a RU | ||
| 105 | |a a j 001zy | ||
| 135 | |a drgn ---uucaa | ||
| 181 | 0 | |a i | |
| 182 | 0 | |a b | |
| 200 | 1 | |a Сборник заданий текущего контроля по дисциплине "Товарная номенклатура внешнеэкономической деятельности" |e практикум |f В. В. Агеева |g Национальный исследовательский Томский политехнический университет (ТПУ) | |
| 203 | |a Текст |c электронный | ||
| 210 | |a Томск |c Изд-во ТПУ |d 2014 | ||
| 300 | |a Заглавие с титульного экрана | ||
| 300 | |a Электронная версия печатной публикации | ||
| 330 | |a Практикум состоит из тестовых заданий и задач, распределенных по тринадцати темам, предусмотренных программой курса. Способствует определению уровня теоретических знаний студентов по дисциплине, а также их практическому применению студентами, формированию навыка решения ситуационных задач по классификации товаров в соответствии с ТН ВЭД ТС. Предназначен для студентов ИСГТ, обучающихся по направлению 036401 "Таможенное дело". | ||
| 333 | |a Режим доступа: из корпоративной сети ТПУ | ||
| 337 | |a Adobe Reader | ||
| 452 | 1 | |0 (RuTPU)RU\TPU\book\316390 |t Сборник заданий текущего контроля по дисциплине "Товарная номенклатура внешнеэкономической деятельности" |o практикум |o учебное пособие для вузов |f В. В. Агеева |g Национальный исследовательский Томский политехнический университет (ТПУ) |c Томск |n Изд-во ТПУ |d 2014 |p 68 с. |a Агеева, Вера Валентиновна | |
| 606 | 1 | |a Внешнеэкономическая деятельность |2 stltpush |3 (RuTPU)RU\TPU\subj\35997 |9 57529 | |
| 610 | 1 | |a электронный ресурс | |
| 610 | 1 | |a учебные пособия | |
| 610 | 1 | |a труды учёных ТПУ | |
| 610 | 1 | |a практикумы | |
| 610 | 1 | |a товарная номенклатура | |
| 610 | 1 | |a внешнеэкономическая деятельность | |
| 610 | 1 | |a таможенное дело | |
| 610 | 1 | |a классификация | |
| 610 | 1 | |a кодирование | |
| 686 | |a У9(2)8я73 |2 rubbk | ||
| 700 | 1 | |a Агеева |b В. В. |c историк |c доцент Томского политехнического университета, кандидат исторических наук |f 1986- |g Вера Валентиновна |3 (RuTPU)RU\TPU\pers\30309 |9 14655 | |
| 712 | 0 | 2 | |a Национальный исследовательский Томский политехнический университет (ТПУ) |b Институт социально-гуманитарных технологий (ИСГТ) |b Кафедра истории и регионоведения (ИСТ) |3 (RuTPU)RU\TPU\col\18372 |
| 801 | 2 | |a RU |b 63413507 |c 20160615 |g RCR | |
| 856 | 4 | |u http://www.lib.tpu.ru/fulltext2/m/2015/m156.pdf | |
| 942 | |c CF | ||